[Event "Let's Play Chess!"]
[Site "http://www.queenalice.com/game.php?id=958381"]
[Date "2011.7.8"]
[Round "-"]
[White "spawnwolfwolverine"]
[Black "caseymor"]
[Result "1-0"]
[WhiteElo "1615"]
[BlackElo "1290"]

1. e4 e5 2. d3 d6 3. g3 f6 4. Bh3 g5 5. Bxc8 Qxc8 6. Qh5+ Ke7 7. Nc3 c6 8. Nf3
Qe8 9. Qxe8+ Kxe8 10. O-O g4 11. Nh4 Ne7 12. b4 a5 13. bxa5 Rxa5 14. a4 b5 15.
Bb2 b4 16. Ne2 Na6 17. d4 exd4 18. Nxd4 Kd7 19. Ndf5 h5 20. Nxe7 Kxe7 21. c3 b3
22. c4 Re5 23. Bxe5 dxe5 24. Rab1 Nc5 25. a5 Rg8 26. f3 Bh6 27. fxg4 hxg4 28.
Nf5+ Kf8 29. Nxh6 Rg6 30. Nf5 Kf7 31. Nd6+ Kf8 32. Kg2 Ke7 33. Nf5+ Kf8 34. a6
Nxa6 35. Rxb3 Kf7 36. Rb6 Nc5 37. Rxc6 Nxe4 38. Nd6+ Nxd6 39. Rxd6 Ke7 40. c5 e4
41. h3 gxh3+ 42. Kxh3 e3 43. Re1 Rh6+ 44. Kg4 Rg6+ 45. Kf4 Rg5 46. Rxe3+ Kf7 47.
c6 Kg6 48. g4 Rc5 49. Ree6 Rc4+ 50. Kg3 Kg5 51. Rxf6 Rc3+ 52. Kf2 Kxg4 53. Rg6+
Kf4 54. Rdf6+ Ke4 55. Re6+ Kd3 56. Rg3+ Kc4 57. Rxc3+ Kxc3 58. c7 Kd2 59. c8=Q
Kd3 60. Qd7+ Kc4 61. Rc6+ Kb5 62. Qb7+ Ka5 63. Ra6# 1-0

[Event "Let's Play Chess!"]
[Site "http://www.queenalice.com/game.php?id=961187"]
[Date "2011.7.17"]
[Round "-"]
[White "exterminator206"]
[Black "caseymor"]
[Result "1-0"]
[WhiteElo "1637"]
[BlackElo "1358"]

1. d4 d5 2. h3 e6 3. Nf3 f6 4. e3 c6 5. Bd3 b5 6. O-O g5 7. Nh2 h5 8. Bg6+ Ke7
9. Bxh5 Nh6 10. f4 gxf4 11. Rxf4 e5 12. dxe5 fxe5 13. Rf1 e4 14. Bd2 Rg8 15. Ng4
Bxg4 16. hxg4 Qd6 17. Be1 Qe5 18. Bh4+ Kd7 19. c3 Bc5 20. g5 Qg7 21. Qe2 Na6 22.
gxh6 Qxh6 23. Rf7+ Kc8 24. Bg4+ Kb8 25. Bg3+ Bd6 26. Bxd6+ Qxd6 27. Rd7 Qg3 28.
Bh5 Nc5 29. Re7 Rg5 30. Nd2 Rg7 31. Rxg7 Qxg7 32. Qg4 Qf8 33. Rf1 Qe7 34. Rf7
Qd6 35. Qf4 Nb7 36. Rxb7+ Kxb7 37. Qxd6 Rc8 38. Nb3 Rc7 39. Nc5+ Kb6 40. Nd7+
Kb7 41. Nc5+ Kb6 42. b3 a5 43. Be8 b4 44. cxb4 axb4 45. Ne6 1-0

[Event "Let's Play Chess!"]
[Site "http://www.queenalice.com/game.php?id=961349"]
[Date "2011.7.17"]
[Round "-"]
[White "caseymor"]
[Black "Enxadrista_A"]
[Result "0-1"]
[WhiteElo "1337"]
[BlackElo "1904"]

1. d4 Nf6 2. f3 d5 3. e3 c5 4. dxc5 e5 5. Bb5+ Nc6 6. a4 Bxc5 7. c4 a6 8. Bxc6+
bxc6 9. b3 O-O 10. Ba3 Bxa3 11. Nxa3 Qa5+ 12. Kf1 Be6 13. e4 Rfd8 14. Ne2 dxc4
15. Qc2 cxb3 16. Qxc6 Rac8 17. Qb7 Qxa4 18. Kf2 Rb8 19. Nc4 Qxc4 20. Rhc1 Qxc1
21. Qxb8 Rxb8 22. Rxc1 b2 23. Rb1 Ba2 24. Rd1 b1=Q 25. Rxb1 Bxb1 26. Nc3 a5 27.
Ke2 Rb2+ 28. Ke3 Rc2 29. Nxb1 a4 30. Kd3 Rc1 31. Na3 Kf8 32. Kd2 Rc6 33. Nb5 Ke7
34. g4 Nd7 35. Na7 Rc5 36. Ke3 a3 37. g5 a2 38. Kd3 a1=Q 39. f4 Qd4+ 40. Ke2
Qxe4+ 41. Kf2 Qd3 42. Ke1 Rc2 43. Nb5 Qd2+ 44. Kf1 Qf2# 0-1

[Event "AUTO-OPEN-2418"]
[Site "http://www.queenalice.com/game.php?id=961681"]
[Date "2011.7.18"]
[Round "1"]
[White "jinkosya"]
[Black "caseymor"]
[Result "1-0"]
[WhiteElo "1255"]
[BlackElo "1349"]

1. e4 e5 2. Nc3 c6 3. d3 f6 4. Nf3 b5 5. Be2 Bb4 6. Bd2 Qa5 7. a3 Bxc3 8. Bxc3
Qa4 9. b3 Qa6 10. O-O Qb6 11. Bd2 g5 12. Be3 c5 13. b4 d6 14. c3 Bg4 15. Ne1
Bxe2 16. Qxe2 Qc6 17. bxc5 dxc5 18. Qh5+ Ke7 19. Rb1 a6 20. d4 Qxe4 21. Rc1 Nc6
22. dxc5 Rd8 23. Nf3 Qa4 24. Qh3 Qxa3 25. Ra1 Qxc3 26. Rxa6 Nb4 27. Qe6+ Kf8 28.
Ra7 Nc6 29. Qf7# 1-0

[Event "AUTO-OPEN-2418"]
[Site "http://www.queenalice.com/game.php?id=961682"]
[Date "2011.7.18"]
[Round "1"]
[White "caseymor"]
[Black "jinkosya"]
[Result "0-1"]
[WhiteElo "1308"]
[BlackElo "1254"]

1. d4 d5 2. c3 Nc6 3. e3 e6 4. f4 Nh6 5. h4 f6 6. Bb5 Bd7 7. Bxc6 Bxc6 8. Qh5+
g6 9. Qe2 f5 10. h5 g5 11. g3 g4 12. b4 Qd7 13. a4 O-O-O 14. b5 Nf7 15. Ba3 Qe8
16. bxc6 bxc6 17. Qa6+ Kd7 18. Qxa7 Ra8 19. Qb7 Rxa4 20. Qb3 Ra6 21. Ra2 Qa8 22.
Ne2 Qa7 23. Bc5 Bxc5 24. Rxa6 Qxa6 25. Nd2 Qa1+ 26. Nb1 Ba7 27. O-O Qa6 28. Nc1
c5 29. Nd3 Qxd3 30. Qa4+ c6 31. Qxa7+ Kd6 32. Qxf7 Qxe3+ 33. Rf2 Qxg3+ 34. Kf1
Qh3+ 35. Ke2 g3 36. Rf3 Qh2+ 37. Ke3 Qg1+ 38. Ke2 Qh2+ 39. Ke3 g2 40. Qg7 Qg1+
41. Rf2 Qc1+ 42. Nd2 g1=Q 43. Qe5+ Kd7 44. Qxh8 Qge1+ 45. Kf3 Qxc3+ 46. Kg2 cxd4
47. Qxh7+ Kc8 48. Qg8+ Kb7 49. Qf7+ Kb6 50. Qe8 Qee3 51. Qb8+ Kc5 52. Rf3 Qcxd2+
53. Kg3 Qg1+ 54. Kh4 Qdh2+ 55. Rh3 Qg4# 0-1

[Event "AUTO-OPEN-2418"]
[Site "http://www.queenalice.com/game.php?id=961702"]
[Date "2011.7.18"]
[Round "1"]
[White "caseymor"]
[Black "chess2009"]
[Result "0-1"]
[WhiteElo "1353"]
[BlackElo "1509"]

1. e4 e5 2. d3 Na6 3. c3 Qe7 4. b4 b5 5. a3 Qd8 6. Qb3 d6 7. Qd5 Rb8 8. Be2 Bb7
9. Qxb5+ Qd7 10. Qc4 Nf6 11. b5 Nc5 12. d4 Ne6 13. d5 Nd8 14. h3 Be7 15. b6 cxb6
16. Bg4 Nxg4 17. hxg4 Rc8 18. Qd3 Qxg4 19. Qg3 Qxg3 20. fxg3 O-O 21. Nf3 f6 22.
a4 Nf7 23. Ra3 Ba6 24. Nbd2 Rc7 0-1

[Event "AUTO-OPEN-2418"]
[Site "http://www.queenalice.com/game.php?id=961711"]
[Date "2011.7.18"]
[Round "1"]
[White "Severynnas"]
[Black "caseymor"]
[Result "0-1"]
[WhiteElo "1251"]
[BlackElo "1336"]

1. d4 d5 2. e3 e6 3. Nc3 b6 4. g4 f5 5. gxf5 exf5 6. Nf3 g5 7. Bh3 g4 8. Ne5 Bb4
9. Ng6 hxg6 10. Bg2 Bxc3+ 11. bxc3 g5 12. O-O Qd6 13. Rb1 Qxh2# 0-1

[Event "AUTO-OPEN-2418"]
[Site "http://www.queenalice.com/game.php?id=961712"]
[Date "2011.7.18"]
[Round "1"]
[White "caseymor"]
[Black "Severynnas"]
[Result "1-0"]
[WhiteElo "1328"]
[BlackElo "1192"]

1. d4 d5 2. c3 c6 3. e3 f5 4. Qh5+ g6 5. Qh4 Nf6 6. Qf4 Na6 7. b4 h6 8. Bxa6
bxa6 9. Qe5 Rg8 10. h4 Qd7 11. f3 a5 12. bxa5 Ba6 13. Nh3 Rc8 14. Qg3 Qb7 15.
Nd2 e6 16. Qe5 Nh5 17. Rb1 Qe7 18. Rb3 Bg7 19. Qh2 Qxh4+ 20. Nf2 Qxh2 21. Rxh2
g5 22. Rxh5 Bf6 23. Rxh6 Be7 24. Nh3 Bd3 25. Rb7 g4 26. Rh7 gxh3 27. Rxh3 Bf6
28. Rhh7 Rxg2 29. Ba3 Rg8 30. Be7 Rg1+ 31. Kf2 Rg8 32. Bxf6 Rf8 33. Rhe7+ Kd8
34. Rbd7# 1-0

[Event "leking"]
[Site "http://www.queenalice.com/game.php?id=962348"]
[Date "2011.7.20"]
[Round "-"]
[White "leking"]
[Black "caseymor"]
[Result "1-0"]
[WhiteElo "1515"]
[BlackElo "1337"]

1. e4 e5 2. Nf3 f6 3. a3 g5 4. Nc3 c6 5. Bc4 Ne7 6. d4 b5 7. Ba2 d6 8. d5 c5 9.
O-O a6 10. h3 b4 11. Nb1 bxa3 12. Nxa3 h5 13. Nh2 g4 14. h4 a5 15. c4 Rg8 16.
Nb5 Ba6 17. Qa4 Qd7 18. Qxa5 g3 19. Nf3 Rg4 20. Nc7+ Kf7 21. Nxa8 Bxc4 22. Bxc4
Rxe4 23. Nb6 Qc7 24. b3 Nf5 25. Bd3 Rb4 26. Bxf5 Rxb6 27. Be6+ Ke7 28. Nd2 Qb7
29. fxg3 Ra6 30. Qc3 Qa7 31. Bb2 c4+ 32. Kh1 cxb3 33. Nxb3 Rxa1 34. Rxa1 Qb7 35.
Qd3 Na6 36. Qh7+ Ke8 37. Qxh5+ Kd8 38. Qf3 Nb4 39. Qxf6+ Be7 40. Qh8+ Kc7 41.
Rc1+ Kb6 42. Qc8 Nd3 43. Rc2 Nf2+ 44. Kh2 Ng4+ 45. Bxg4 Qxd5 46. Qc7+ Kb5 47.
Qxe7 Kb4 48. Rc3 e4 49. Re3 Qd1 50. Bxd1 Kb5 51. Qxd6 Kc4 52. Rxe4+ Kb5 53. Qc5+
Ka6 54. Qb4 Ka7 55. Re7+ Ka6 56. Be2# 1-0

[Event "Let's Play Chess!"]
[Site "http://www.queenalice.com/game.php?id=968149"]
[Date "2011.8.2"]
[Round "-"]
[White "DanPessegueiro"]
[Black "caseymor"]
[Result "1-0"]
[WhiteElo "1117"]
[BlackElo "1339"]

1. e4 e5 2. Qh5 d6 3. Bc4 Nh6 4. Nf3 Be6 5. Bxe6 Qf6 6. Ng5 Ke7 7. Nxf7 Nxf7 8.
Qh3 Ng5 9. Qc3 Nxe6 10. O-O c5 11. Qb3 b6 12. g3 Nd4 13. Qc3 Nbc6 14. f4 Nb5 15.
fxe5 Qg5 16. d3 Qg4 17. exd6+ Nxd6 18. e5 Nf5 19. Rf4 Qd1+ 20. Rf1 Qe2 21. Rxf5
Qd1+ 22. Kg2 Qxc1 23. d4 Nxd4 24. Rf1 Qg5 25. Nd2 Ne2 26. Qf3 Rd8 27. Ne4 Qxe5
28. Rae1 Nd4 29. Qe3 Nxc2 30. Qe2 Nxe1+ 31. Qxe1 Qxb2+ 32. Rf2 Qa3 33. Ng5+ Kd7
34. Qe6+ Kc7 35. Rf7+ Kb8 36. Qc6 Qxa2+ 37. Kh3 Bd6 38. Qb7# 1-0

[Event "AUTO-INT-2119"]
[Site "http://www.queenalice.com/game.php?id=974388"]
[Date "2011.8.19"]
[Round "1"]
[White "rocha"]
[Black "caseymor"]
[Result "1-0"]
[WhiteElo "1601"]
[BlackElo "1328"]

1. d4 d5 2. e3 e6 3. c3 f5 4. f3 g5 5. b3 c6 6. Bd3 b5 7. Qe2 b4 8. c4 g4 9. g3
Nf6 10. Nd2 Ba6 11. e4 dxe4 12. fxe4 Qxd4 13. exf5 Qxa1 14. Qxe6+ Be7 15. Bb1
Qc3 16. Ne2 Qa1 17. Qe3 Nbd7 18. Be4 Rc8 19. Qxa7 Qxa2 20. O-O Nxe4 21. Qd4 Nef6
22. Bb2 Bc5 23. Re1 Bxd4+ 24. Nxd4+ 1-0

[Event "AUTO-INT-2119"]
[Site "http://www.queenalice.com/game.php?id=974389"]
[Date "2011.8.19"]
[Round "1"]
[White "caseymor"]
[Black "rocha"]
[Result "0-1"]
[WhiteElo "1333"]
[BlackElo "1596"]

1. d4 d5 2. e3 a6 3. Nc3 c6 4. b4 b5 5. e4 e6 6. Nh3 h6 7. e5 Bxb4 8. Bd2 Qa5 9.
a4 Bxc3 10. Bxc3 Qxc3+ 11. Ke2 g5 12. Rb1 Qc4+ 13. Qd3 Qxa4 14. f4 g4 15. Nf2 f5
16. g3 Qa5 17. h3 Bd7 18. Bg2 Ne7 19. hxg4 b4 20. Qd2 c5 21. Ra1 Qb5+ 22. Nd3 a5
23. g5 Qc4 24. gxh6 Qxd4 0-1

[Event "AUTO-INT-2119"]
[Site "http://www.queenalice.com/game.php?id=974398"]
[Date "2011.8.19"]
[Round "1"]
[White "josealexandreschultz"]
[Black "caseymor"]
[Result "1-0"]
[WhiteElo "1710"]
[BlackElo "1312"]

1. e4 e5 2. Nf3 g6 3. Bc4 b6 4. Nc3 Bb4 5. O-O Bxc3 6. bxc3 a6 7. Nxe5 Nh6 8. d3
d6 9. Nf3 Bg4 10. Bxh6 Bxf3 11. Qxf3 b5 12. Qxf7# 1-0

[Event "AUTO-OPEN-2451"]
[Site "http://www.queenalice.com/game.php?id=974979"]
[Date "2011.8.20"]
[Round "1"]
[White "caseymor"]
[Black "luanmateus22"]
[Result "1-0"]
[WhiteElo "1335"]
[BlackElo "1246"]

1. e4 d5 2. d3 c5 3. d4 Qa5+ 4. Bd2 Qc7 5. Bb5+ Bd7 6. Bxd7+ Nxd7 7. Nc3 cxd4 8.
Nxd5 Qd6 9. Bb4 Qe5 10. f3 e6 11. Bxf8 Nxf8 12. Nb4 Qa5 13. Qxd4 e5 14. Qd6 Qb6
15. Qxe5+ Ne6 16. a3 Nf6 17. Nd5 Nxd5 18. exd5 f6 19. Qh5+ 1-0

[Event "AUTO-OPEN-2451"]
[Site "http://www.queenalice.com/game.php?id=974980"]
[Date "2011.8.20"]
[Round "1"]
[White "luanmateus22"]
[Black "caseymor"]
[Result "0-1"]
[WhiteElo "1234"]
[BlackElo "1347"]

1. d4 d5 2. c4 e6 3. Qa4+ c6 4. Qd1 dxc4 5. e4 Bb4+ 6. Bd2 a5 7. Bc3 Nf6 8. Bxb4
axb4 9. e5 Ne4 10. Qe2 f5 11. Qxc4 b5 12. Qxb4 Ra4 13. Qb3 Rxd4 14. Nc3 Nd2 15.
Qa3 Ne4 16. Qa8 Rd2 17. Nxe4 fxe4 18. Qxb8 O-O 0-1

[Event "AUTO-OPEN-2451"]
[Site "http://www.queenalice.com/game.php?id=974981"]
[Date "2011.8.20"]
[Round "1"]
[White "caseymor"]
[Black "Marcelo_Bruno"]
[Result "0-1"]
[WhiteElo "1333"]
[BlackElo "1969"]

1. e4 e5 2. d3 d5 3. f3 dxe4 4. fxe4 Nf6 5. h3 Nxe4 6. dxe4 Qh4+ 7. Ke2 Qxe4+ 8.
Be3 Bc5 9. Qd3 Qxe3+ 10. Qxe3 Bxe3 11. Kxe3 O-O 12. Bb5 c6 13. Bc4 Bf5 14. Bd3
Bxd3 15. Kxd3 e4+ 16. Kxe4 Re8+ 17. Kf5 Re1 18. Kf4 Nd7 19. Kf3 Rae8 20. Kf2 Nf6
21. Rh2 Rc1 22. c3 Ree1 23. Ne2 Rf1+ 24. Ke3 Nd5+ 25. Kd4 Rxb1 26. Rxb1 Rxb1 27.
c4 Rd1+ 28. Kc5 Nf6 29. Nc3 Rd2 30. b3 Nd7+ 31. Kb4 Ne5 32. Rh1 Rc2 33. Re1 Nd3+
34. Ka3 Nxe1 35. Ne4 Rxg2 36. b4 Nd3 37. Nd6 Nc1 38. b5 c5 39. Nxb7 Rxa2# 0-1

[Event "AUTO-OPEN-2451"]
[Site "http://www.queenalice.com/game.php?id=974982"]
[Date "2011.8.20"]
[Round "1"]
[White "Marcelo_Bruno"]
[Black "caseymor"]
[Result "1-0"]
[WhiteElo "1967"]
[BlackElo "1335"]

1. e4 e5 2. Nf3 f6 3. Nxe5 fxe5 4. Qh5+ g6 5. Qxe5+ Qe7 6. Qxh8 Qxe4+ 7. Kd1 Qe6
8. Qxh7 Bh6 9. Bd3 g5 10. Re1 Qe7 11. Qxg8+ Bf8 12. Bg6+ Kd8 13. Rxe7 Kxe7 14.
Qf7+ Kd6 15. Qxf8+ Kc6 16. Qxc8 a5 17. Be4+ d5 18. Bxd5+ Kxd5 19. Qxb7+ Kd6 20.
Qxa8 Nc6 21. d4 Nxd4 22. Bxg5 Nc6 23. Qf8+ Kd5 24. Nc3+ Kd4 25. Nb5+ Kc4 26. a4
Ne5 27. b3+ Kd5 28. c4+ Ke4 29. f3+ Kd3 30. Qf5# 1-0

[Event "AUTO-OPEN-2451"]
[Site "http://www.queenalice.com/game.php?id=974983"]
[Date "2011.8.20"]
[Round "1"]
[White "caseymor"]
[Black "MarcosSP"]
[Result "0-1"]
[WhiteElo "1333"]
[BlackElo "1678"]

1. e4 d6 2. d3 g6 3. c4 Bg7 4. a4 Nf6 5. Bg5 O-O 6. Bxf6 Bxf6 7. Ra2 Nc6 8. Nf3
Nb4 9. Ra3 Bg4 10. Qd2 c5 11. h3 Bxf3 12. gxf3 Nc6 13. h4 Bd4 14. Rb3 Nb4 15.
Nc3 Qd7 16. Bh3 e6 17. Nb5 a6 18. Na3 f5 19. Rg1 Qg7 20. h5 Rf6 21. h6 Qe7 22.
Qf4 Raf8 23. e5 dxe5 24. Qd2 e4 25. fxe4 fxe4 26. Qg5 Bxf2+ 27. Ke2 Bxg1 28.
Qxg1 Nxd3 29. Ke3 Qf7 30. Kxe4 Rf3 31. Rxd3 Qf4# 0-1

[Event "AUTO-OPEN-2451"]
[Site "http://www.queenalice.com/game.php?id=974984"]
[Date "2011.8.20"]
[Round "1"]
[White "MarcosSP"]
[Black "caseymor"]
[Result "1-0"]
[WhiteElo "1671"]
[BlackElo "1333"]

1. e4 e5 2. Nf3 f6 3. Nc3 c6 4. Bc4 Nh6 5. O-O b5 6. Bb3 a5 7. a3 a4 8. Ba2 f5
9. d3 f4 10. Nxe5 Bd6 11. Bxf4 Qf6 12. Qh5+ Ke7 13. Ne2 g5 14. Bxg5 Ng4 15.
Bxf6+ Nxf6 16. Qf7+ Kd8 17. Qxf6+ Kc7 18. Qxh8 Bxe5 19. Qxe5+ d6 20. Qe7+ Bd7
21. Qxh7 Na6 22. Nf4 Rf8 23. Qh6 Nc5 24. Qxf8 Ne6 25. Nxe6+ Bxe6 26. Bxe6 Kb6
27. Qxd6 Kb7 28. Bd7 Kb6 29. Qxc6+ Ka5 30. Qxb5# 1-0